000 00633 a2200169 4500
020 _a0205142397 (paperback)
020 _a9780205142392 (paperback)
082 _a658
_bMAN
245 1 0 _aManagement:
_bconcepts, practices and skills: instructor's resource manual /
_cprepared by R. Wayne Monday and Shane R. Premeaux.
250 _a6th edition ed.
260 _a[S.l.] :
_bAllyn & Bacon,
_c1993.
300 _a1 v. (unpaged)
700 _aR. Wayne Monday
_9121553
700 _aShane R. Premeaux
_9121554
856 4 0 _3Amazon.com
_uhttp://www.amazon.com/exec/obidos/ASIN/0205142397/chopaconline-20
942 _aNBS
_cBK
_k658 MON
_2ddc
999 _c347601
_d347601